000 01385nam a2200253Ia 4500
003 Ost
005 20260507075406.0
008 260507s9999||||xx |||||||||||||| ||und||
020 _a9786153483
040 _cfsecg
041 _aara
082 _a330
100 _aالسريتى، السيد محمد أحمد
_eمؤلف
245 0 _aالنظرية الاقتصادية والمتقدمة :
_bجزئية وكلية /
_c السيد محمد أحمد السريتى
260 _aالاسكندرية:
_bمؤسسة رئية,
_c2013
300 _a392 صفحة؛
_bإيضاحات ؛
_c24 سم
504 _aالمراجع ص.389
520 _aيضم مقدمات أساسية، الطلب والعرض، العرض ومرونته، توازن السوق، نظرية المنفعة الحدية ، نظرية السوء ، تطبيقات علي توازن المستهلك ، نظرية الانتاج، التكاليف ، السلوك الاقتصادي للوحدة الانتاجية وأشكال السوق، توازن الوحدة الانتاجية، التوازن العام واقتصاديات الرفاهية ، النموذج الكلاسيكي، النموذج الكينزي
653 _aالإقتصاد
653 _aالإقتصاد الجزئي
653 _aالإقتصاد الكلي
653 _aالإقتصاد- نظريات
942 _cكتاب
999 _c44308
_d44308